[Event "DEM U12/U12w 2013"]
[Site "Oberhof GER"]
[Date "2013.05.20"]
[Round "4"]
[White "Stein, Robert"]
[Black "Martin, Julian"]
[Result "1/2-1/2"]
[Termination "normal"]
[Board "1"]
[WhiteElo "1728"]
[BlackElo "1847"]
[PlyCount "100"]
[WhiteFideId "12921084"]
[BlackFideId "12941000"]
[EventCountry "GER"]
[EventRounds "11"]
[EventType "swiss"]
[EventDate "2013.05.18"]

1. e4 c5 2. Nf3 d6 3. d4 cxd4 4. Nxd4 Nf6 5. Nc3 a6 6. Bg5 Nbd7 7. f4 g6 8. Qf3
Bg7 9. O-O-O e5 10. Nb3 h6 11. Bxf6 Bxf6 12. Rxd6 exf4 13. Rd1 O-O 14. Kb1 Qc7
15. Nd5 Qe5 16. c3 g5 17. Bd3 Bg7 18. h4 f6 19. Rdg1 Qd6 20. Bc2 Ne5 21. Qf2
Be6 22. Rd1 Bxd5 23. Rxd5 Qe7 24. Nd4 Ng4 25. Qe2 Ne3 26. Nf5 Nxf5 27. Rxf5
Rfd8 28. Bb3+ Kh8 29. hxg5 fxg5 30. Rf7 Qe5 31. Rf5 Qe7 32. Rf7 Qe5 33. Rf5 Qc7
34. Rf7 Rd7 35. Qh5 Rxf7 36. Bxf7 Rf8 37. Bd5 Qe7 38. Qg6 Qf6 39. Qh5 b5 40.
Qe2 Qe5 41. Rh3 Rb8 42. Qh5 Qd6 43. Qxg5 b4 44. c4 Rc8 45. Qg4 Re8 46. Qh5 Re7
47. Qg4 Re8 48. Qh5 Re7 49. Qg4 Re8 50. Qh5 Re7 1/2-1/2

[Event "DEM U12/U12w 2013"]
[Site "Oberhof GER"]
[Date "2013.05.20"]
[Round "4"]
[White "Mätzkow, Maximilian Paul"]
[Black "Mönster, Madita"]
[Result "1-0"]
[Termination "normal"]
[Board "2"]
[WhiteElo "1730"]
[BlackElo "1503"]
[PlyCount "94"]
[WhiteFideId "24679933"]
[BlackFideId "12947156"]
[EventCountry "GER"]
[EventRounds "11"]
[EventType "swiss"]
[EventDate "2013.05.18"]

1. d4 Nf6 2. Nf3 c5 3. c3 e6 4. Bf4 Nc6 5. h3 b6 6. e3 Bb7 7. Nbd2 Be7 8. Bd3
Nd5 9. Bh2 Qc8 10. Qc2 h6 11. O-O Ba6 12. Bxa6 Qxa6 13. Ne4 O-O 14. Nd6 Nf6 15.
Nd2 Ne8 16. N2e4 Nxd6 17. Bxd6 Bxd6 18. Nxd6 Ne7 19. Rfd1 Nc8 20. dxc5 bxc5 21.
Nxc8 Qxc8 22. Rd6 Rb8 23. Rad1 Rd8 24. Qd2 Rb7 25. c4 Qb8 26. b3 Qc8 27. e4 e5
28. Qd5 Qc7 29. Qxe5 f6 30. Qf5 Qc8 31. e5 fxe5 32. Qxe5 Kh7 33. Qf5+ Kh8 34.
R1d5 Rf8 35. Qh5 Kh7 36. Qg6+ Kg8 37. Qg4 Rf7 38. Rxh6 Re7 39. Rh8+ Kxh8 40.
Qh4+ Kg8 41. Qxe7 Rc7 42. Rd6 Kh8 43. h4 Kh7 44. h5 Kh8 45. h6 gxh6 46. Rxh6+
Kg8 47. Rg6+ Kh8 1-0

[Event "DEM U12/U12w 2013"]
[Site "Oberhof GER"]
[Date "2013.05.20"]
[Round "4"]
[White "Wierzbicki, Jirawat"]
[Black "Buckels, Valentin"]
[Result "0-1"]
[Termination "normal"]
[Board "3"]
[WhiteElo "1704"]
[BlackElo "1994"]
[PlyCount "76"]
[WhiteFideId "1153579"]
[BlackFideId "12942766"]
[EventCountry "GER"]
[EventRounds "11"]
[EventType "swiss"]
[EventDate "2013.05.18"]

1. e4 e5 2. Nf3 Nc6 3. Bc4 Bc5 4. d3 Nf6 5. c3 a6 6. Bb3 Ba7 7. O-O h6 8. Re1
d6 9. Nbd2 O-O 10. h3 Be6 11. Nf1 Qd7 12. Ng3 Rfe8 13. Nh4 Bxh3 14. Nhf5 Bxf5
15. Nxf5 Ne7 16. Nxe7+ Rxe7 17. Qf3 Qg4 18. Qxg4 Nxg4 19. Be3 Nxe3 20. fxe3 c6
21. Kf2 Rd8 22. d4 exd4 23. exd4 Rde8 24. Bc2 g6 25. g4 Kg7 26. Kf3 f6 27. Kf2
b5 28. a3 Rc7 29. Kf1 Rh8 30. Kg2 Re7 31. a4 b4 32. a5 c5 33. Rad1 bxc3 34.
bxc3 cxd4 35. cxd4 Rb8 36. Kf3 Rb5 37. e5 fxe5 38. dxe5 Rf7+ 0-1

[Event "DEM U12/U12w 2013"]
[Site "Oberhof GER"]
[Date "2013.05.20"]
[Round "4"]
[White "Schneider, Jana"]
[Black "Schmidek, Emil"]
[Result "1-0"]
[Termination "normal"]
[Board "4"]
[WhiteElo "1644"]
[BlackElo "1957"]
[PlyCount "70"]
[WhiteFideId "12924997"]
[BlackFideId "12908150"]
[EventCountry "GER"]
[EventRounds "11"]
[EventType "swiss"]
[EventDate "2013.05.18"]

1. e4 e5 2. Nf3 Nc6 3. Bc4 Nf6 4. d3 Be7 5. c3 O-O 6. Nbd2 d5 7. exd5 Nxd5 8.
O-O Bg4 9. Ne4 Nf4 10. Bxf4 exf4 11. d4 Na5 12. Be2 Qd5 13. Qc2 Nc4 14. Rfe1
Nd6 15. Nc5 b6 16. Nd3 Qf5 17. Nfe5 Bxe2 18. Rxe2 Bf6 19. Rae1 Rfe8 20. Qb3 Re7
21. Nb4 Bxe5 22. Nc6 Re6 23. dxe5 Qg6 24. Nd4 f3 25. Nxf3 Nf5 26. Rd2 Rae8 27.
Rd7 Kh8 28. Rxc7 Qh5 29. Rxa7 Kg8 30. Qa4 Qg6 31. Ra8 f6 32. exf6 Rxe1+ 33.
Nxe1 b5 34. Qa6 Nd6 35. Qc6 gxf6 1-0

[Event "DEM U12/U12w 2013"]
[Site "Oberhof GER"]
[Date "2013.05.20"]
[Round "4"]
[White "Gungl, Theo"]
[Black "Engel, Luis"]
[Result "1-0"]
[Termination "normal"]
[Board "5"]
[WhiteElo "1916"]
[BlackElo "1740"]
[PlyCount "69"]
[WhiteFideId "24695653"]
[BlackFideId "12961523"]
[EventCountry "GER"]
[EventRounds "11"]
[EventType "swiss"]
[EventDate "2013.05.18"]

1. e4 c5 2. Nf3 d6 3. d4 cxd4 4. Nxd4 Nf6 5. Nc3 a6 6. Bg5 e6 7. f4 h6 8. Bh4
Qb6 9. Bxf6 gxf6 10. Qd2 Qxb2 11. Rb1 Qa3 12. Rb3 Qa5 13. Be2 Nd7 14. O-O Be7
15. Qe1 Qc5 16. Qf2 b5 17. Rfb1 O-O 18. Kf1 Kh7 19. Nd1 Bb7 20. Bd3 Rad8 21. a4
Ba8 22. axb5 axb5 23. Rxb5 Qc7 24. Rh5 Rg8 25. Qh4 Bf8 26. g4 e5 27. Nf5 Rg6
28. g5 fxg5 29. fxg5 Kg8 30. Nxh6+ Bxh6 31. Rxh6 Rxh6 32. Qxh6 Nf8 33. Ne3 Rd7
34. Ng4 Nh7 35. Nf6+ 1-0

[Event "DEM U12/U12w 2013"]
[Site "Oberhof GER"]
[Date "2013.05.20"]
[Round "4"]
[White "Rockmann, Jan-Okke"]
[Black "Laubrock, Paul"]
[Result "1-0"]
[Termination "normal"]
[Board "6"]
[WhiteElo "1785"]
[BlackElo "1671"]
[PlyCount "106"]
[WhiteFideId "12942111"]
[BlackFideId "1270509"]
[EventCountry "GER"]
[EventRounds "11"]
[EventType "swiss"]
[EventDate "2013.05.18"]

1. e4 d5 2. exd5 Nf6 3. Nf3 Nxd5 4. Bc4 Nb6 5. Bb3 Bf5 6. Ne5 e6 7. Qf3 Qf6 8.
d4 c6 9. O-O N8d7 10. Bf4 Be7 11. Nd2 O-O 12. Ndc4 Rad8 13. Na5 Nxe5 14. dxe5
Qg6 15. Nxb7 Rb8 16. Nd6 Bxc2 17. Rfc1 Bxb3 18. axb3 Nd5 19. Rxa7 Bd8 20. Bg3
Bb6 21. Raa1 Ra8 22. h4 h5 23. Kh2 c5 24. Ra4 Rxa4 25. bxa4 f5 26. exf6 Nxf6
27. Qb3 Ng4+ 28. Kg1 Bc7 29. Qc2 Qh6 30. Ne4 Bxg3 31. Nxg3 Rxf2 32. Qxc5 Qd2
33. Qc6 Rxg2+ 34. Qxg2 Qxc1+ 35. Nf1 Qc5+ 36. Kh1 Nf2+ 37. Kh2 Ng4+ 38. Kh3 Qb4
39. Qc2 Qb7 40. Ng3 Ne3 41. Qe2 Qb3 42. Qxh5 Qxa4 43. Qg5 Qd4 44. b4 Nf5 45. b5
Qd3 46. b6 Qd6 47. b7 Qc7 48. Nxf5 exf5 49. Qg2 Kf8 50. Qf3 Ke7 51. Qg3 f4 52.
Qxg7+ Kd6 53. Qf8+ Kd5 1-0

[Event "DEM U12/U12w 2013"]
[Site "Oberhof GER"]
[Date "2013.05.20"]
[Round "4"]
[White "Enache, Rares"]
[Black "Fieberg, Samuel"]
[Result "0-1"]
[Termination "normal"]
[Board "7"]
[WhiteElo "1628"]
[BlackElo "1900"]
[PlyCount "120"]
[WhiteFideId "12976440"]
[BlackFideId "12901717"]
[EventCountry "GER"]
[EventRounds "11"]
[EventType "swiss"]
[EventDate "2013.05.18"]

1. e4 c5 2. Nf3 d6 3. d4 cxd4 4. Nxd4 Nf6 5. Nc3 a6 6. Be3 e5 7. Nb3 Be6 8. Be2
Be7 9. Qd2 O-O 10. f3 d5 11. exd5 Nxd5 12. Nxd5 Qxd5 13. Qxd5 Bxd5 14. O-O-O
Be6 15. Nc5 Bxc5 16. Bxc5 Rc8 17. Bd6 Nd7 18. a3 Rc6 19. Rd2 Rac8 20. Bb4 Bf5
21. Bc3 Nb6 22. Rhd1 f6 23. Rd8+ Rxd8 24. Rxd8+ Kf7 25. Rd2 Nc4 26. Bxc4+ Rxc4
27. Kd1 g5 28. h3 h5 29. Rf2 Ke6 30. g4 hxg4 31. hxg4 Bg6 32. Kd2 Be8 33. Kd3
Bb5 34. Ke3 Bc6 35. Ke2 f5 36. Rg2 f4 37. Rf2 e4 38. fxe4 Rxe4+ 39. Kd2 Bb5 40.
Bg7 Kf7 41. Bh8 Bd7 42. Re2 Rxe2+ 43. Kxe2 Bxg4+ 44. Kf2 Ke6 45. Bd4 Bh5 46. c4
Kf5 47. b4 Ke4 48. Bf6 g4 49. b5 g3+ 50. Kg2 Ke3 51. bxa6 bxa6 52. Bg5 Bf3+ 53.
Kg1 Bc6 54. Bh4 Kf3 55. Bg5 Kg4 56. Bd8 f3 57. Bb6 Kf5 58. Bc7 f2+ 59. Kf1 Kg4
60. a4 Kf3 0-1

[Event "DEM U12/U12w 2013"]
[Site "Oberhof GER"]
[Date "2013.05.20"]
[Round "4"]
[White "Degenhard, Simon"]
[Black "Muckle, Julius"]
[Result "0-1"]
[Termination "normal"]
[Board "8"]
[WhiteElo "1711"]
[BlackElo "1804"]
[PlyCount "56"]
[WhiteFideId "12944017"]
[BlackFideId "12942430"]
[EventCountry "GER"]
[EventRounds "11"]
[EventType "swiss"]
[EventDate "2013.05.18"]

1. e4 e6 2. d4 d5 3. Nc3 Bb4 4. e5 c5 5. a3 Bxc3+ 6. bxc3 Ne7 7. Nf3 Nbc6 8.
Be2 O-O 9. h4 Qb6 10. h5 h6 11. g4 cxd4 12. cxd4 Bd7 13. g5 hxg5 14. Bxg5 Nf5
15. Rb1 Qa5+ 16. Bd2 Qc7 17. c3 f6 18. exf6 Rxf6 19. Bg5 Rf7 20. Nh4 Ng3 21.
Rh3 Ne4 22. f4 e5 23. Bg4 exf4 24. Ng6 Nxg5 25. h6 Nxh3 26. Bxd7 f3 27. Qd3
Qg3+ 28. Kd1 Nf2+ 0-1

[Event "DEM U12/U12w 2013"]
[Site "Oberhof GER"]
[Date "2013.05.20"]
[Round "4"]
[White "Fromm, Katja"]
[Black "Renger, Niklas"]
[Result "0-1"]
[Termination "normal"]
[Board "9"]
[WhiteElo "1546"]
[BlackElo "1815"]
[PlyCount "86"]
[WhiteFideId "12929409"]
[BlackFideId "12908096"]
[EventCountry "GER"]
[EventRounds "11"]
[EventType "swiss"]
[EventDate "2013.05.18"]

1. d4 Nf6 2. c4 c5 3. dxc5 e6 4. Nc3 Bxc5 5. Bg5 O-O 6. e3 Nc6 7. Nf3 h6 8. Bh4
b6 9. Ne4 Be7 10. Nxf6+ Bxf6 11. Bxf6 Qxf6 12. Qd2 Rd8 13. a3 Bb7 14. Rd1 d5
15. Qc3 Qxc3+ 16. bxc3 Na5 17. cxd5 Bxd5 18. Be2 Rac8 19. O-O Bc4 20. Bxc4 Nxc4
21. a4 Rxd1 22. Rxd1 Nb2 23. Rd7 Rxc3 24. g3 a5 25. Ne5 Nxa4 26. Rd8+ Kh7 27.
Nxf7 Rc5 28. h4 Rf5 29. Rh8+ Kg6 30. Nd6 Rd5 31. Ne4 b5 32. g4 b4 33. Rf8 Nc5
34. h5+ Kh7 35. Ng3 b3 36. e4 Rd1+ 37. Kg2 b2 38. f4 b1=Q 39. g5 hxg5 40. fxg5
Rg1+ 41. Kh2 Rxg3 42. Kxg3 Nxe4+ 43. Kg4 Qg1+ 0-1

[Event "DEM U12/U12w 2013"]
[Site "Oberhof GER"]
[Date "2013.05.20"]
[Round "4"]
[White "Poghosyan, Tigran"]
[Black "Meyling, Lennart"]
[Result "1-0"]
[Termination "normal"]
[Board "10"]
[WhiteElo "1945"]
[BlackElo "1628"]
[PlyCount "59"]
[WhiteFideId "12909319"]
[BlackFideId "12947130"]
[EventCountry "GER"]
[EventRounds "11"]
[EventType "swiss"]
[EventDate "2013.05.18"]

1. e4 c5 2. Nf3 d6 3. d4 cxd4 4. Qxd4 Nc6 5. Bb5 Bg4 6. Nbd2 Bxf3 7. Bxc6+ bxc6
8. Nxf3 e6 9. c4 Nf6 10. O-O e5 11. Qd3 Be7 12. Re1 O-O 13. Bd2 Nd7 14. Bc3 Nc5
15. Qd2 Rb8 16. Rad1 Qb6 17. b4 Ne6 18. g3 f5 19. c5 dxc5 20. Qd7 fxe4 21.
Qxe6+ Kh8 22. Qxe7 Rxf3 23. Bxe5 Rg8 24. Bxg7+ Rxg7 25. Rd8+ Qxd8 26. Qxd8+ Rg8
27. Qe7 Rgf8 28. Qxc5 R8f5 29. Qxa7 e3 30. Rxe3 1-0

[Event "DEM U12/U12w 2013"]
[Site "Oberhof GER"]
[Date "2013.05.20"]
[Round "4"]
[White "Reuker, Jari"]
[Black "Biastoch, Bennet"]
[Result "1-0"]
[Termination "normal"]
[Board "11"]
[WhiteElo "1802"]
[BlackElo "1676"]
[PlyCount "55"]
[WhiteFideId "12909300"]
[BlackFideId "12939889"]
[EventCountry "GER"]
[EventRounds "11"]
[EventType "swiss"]
[EventDate "2013.05.18"]

1. e4 c5 2. Nf3 d6 3. d4 cxd4 4. Nxd4 Nf6 5. Nc3 a6 6. Bg5 e6 7. f4 b5 8. Qf3
Bb7 9. O-O-O Nbd7 10. Bd3 Be7 11. g4 h6 12. Bxf6 Nxf6 13. g5 Nd7 14. g6 Bf6 15.
gxf7+ Kxf7 16. Nce2 Qa5 17. Kb1 Rac8 18. Qg4 Nc5 19. Rhf1 h5 20. Qh3 e5 21.
fxe5 dxe5 22. Nf5 Qc7 23. Nd6+ Ke7 24. Nxc8+ Rxc8 25. Nc3 b4 26. Nd5+ Bxd5 27.
exd5 Qd6 28. Qxc8 1-0

[Event "DEM U12/U12w 2013"]
[Site "Oberhof GER"]
[Date "2013.05.20"]
[Round "4"]
[White "Rieß, Alexander"]
[Black "Savchenko, Daniel"]
[Result "1/2-1/2"]
[Termination "normal"]
[Board "12"]
[WhiteElo "1605"]
[BlackElo "1763"]
[PlyCount "100"]
[WhiteFideId "12953326"]
[BlackFideId "12919195"]
[EventCountry "GER"]
[EventRounds "11"]
[EventType "swiss"]
[EventDate "2013.05.18"]

1. c4 e5 2. g3 Nf6 3. Bg2 d5 4. cxd5 Nxd5 5. Nc3 Nb6 6. Nf3 Nc6 7. O-O Be7 8.
Rb1 Be6 9. b4 a6 10. a3 O-O 11. d3 f6 12. Be3 Nd4 13. Nd2 c6 14. h3 Qd7 15. Kh2
Qc7 16. Nde4 Nd7 17. Re1 a5 18. Bd2 axb4 19. axb4 Ra3 20. Bc1 Rb3 21. e3 Rxb1
22. Nxb1 Bb3 23. Qd2 Nc2 24. Qc3 Ba4 25. Qc4+ Kh8 26. Re2 Nb6 27. Qa2 Nxb4 28.
Qd2 Bc2 29. Ba3 N6d5 30. Nbc3 Bxd3 31. Nxd5 cxd5 32. Bxb4 dxe4 33. Re1 Re8 34.
Rc1 Bxb4 35. Qxd3 exd3 36. Rxc7 d2 37. Bf3 e4 38. Be2 b6 39. Rb7 Ba5 40. Kg2 g6
41. Kf1 Rc8 42. Bd1 Rc5 43. Ke2 b5 44. Re7 f5 45. h4 Bc3 46. Ra7 b4 47. Bb3 Rc8
48. Kd1 Rc6 49. Ba4 Rc8 50. Bb3 Rc6 1/2-1/2

[Event "DEM U12/U12w 2013"]
[Site "Oberhof GER"]
[Date "2013.05.20"]
[Round "4"]
[White "Reimann, Sebastian"]
[Black "Vuckovic, Zarko"]
[Result "1/2-1/2"]
[Termination "normal"]
[Board "13"]
[WhiteElo "1629"]
[BlackElo "1722"]
[PlyCount "58"]
[WhiteFideId "12928054"]
[BlackFideId "12952087"]
[EventCountry "GER"]
[EventRounds "11"]
[EventType "swiss"]
[EventDate "2013.05.18"]

1. e4 e6 2. d4 d5 3. Nd2 Be7 4. Ngf3 Nf6 5. e5 Nfd7 6. Be2 c5 7. c3 Nc6 8. O-O
Qb6 9. Qb3 O-O 10. Qxb6 axb6 11. Rd1 f6 12. exf6 Bxf6 13. Nb3 cxd4 14. Nbxd4
Nc5 15. Be3 Bd7 16. Nb3 Na4 17. Rab1 Bxc3 18. bxc3 Nxc3 19. Rb2 Nxd1 20. Bxd1
e5 21. Bxb6 Bg4 22. h3 Bh5 23. g4 Bg6 24. Nc5 Rf7 25. Ng5 Re7 26. Bb3 Nb4 27.
Nce6 Rd7 28. Nc5 Rd6 29. Na4 Nd3 1/2-1/2

[Event "DEM U12/U12w 2013"]
[Site "Oberhof GER"]
[Date "2013.05.20"]
[Round "4"]
[White "Ewert, Hannes"]
[Black "Riedel, Erich"]
[Result "1/2-1/2"]
[Termination "normal"]
[Board "14"]
[WhiteElo "1678"]
[BlackElo "1767"]
[PlyCount "40"]
[WhiteFideId "12961574"]
[BlackFideId "12958646"]
[EventCountry "GER"]
[EventRounds "11"]
[EventType "swiss"]
[EventDate "2013.05.18"]

1. e4 e6 2. d4 d5 3. Nd2 Nf6 4. e5 Nfd7 5. Bd3 c5 6. c3 Nc6 7. Ne2 cxd4 8. cxd4
f6 9. exf6 Nxf6 10. Nf3 Bd6 11. O-O O-O 12. Bf4 Ng4 13. Bxd6 Qxd6 14. Ng3 e5
15. dxe5 Qh6 16. Re1 Ncxe5 17. Rxe5 Nxe5 18. Nxe5 Qf6 19. Nf3 Qxb2 20. Rc1 Bg4
1/2-1/2

[Event "DEM U12/U12w 2013"]
[Site "Oberhof GER"]
[Date "2013.05.20"]
[Round "4"]
[White "Birg, Raphael"]
[Black "Wong, Gengchun"]
[Result "0-1"]
[Termination "normal"]
[Board "15"]
[WhiteElo "1542"]
[BlackElo "1654"]
[PlyCount "142"]
[WhiteFideId "12971774"]
[BlackFideId "12963283"]
[EventCountry "GER"]
[EventRounds "11"]
[EventType "swiss"]
[EventDate "2013.05.18"]

1. e4 c5 2. Nf3 d6 3. d4 cxd4 4. Nxd4 Nf6 5. Nc3 a6 6. Be3 e6 7. Be2 Qc7 8. f4
b5 9. a3 Bb7 10. Bd3 Nbd7 11. O-O Be7 12. g4 h5 13. g5 Ng4 14. Qe2 Nxe3 15.
Qxe3 Nb6 16. h4 Nc4 17. Bxc4 Qxc4 18. Qd3 Rc8 19. f5 e5 20. Nb3 Rg8 21. Rac1
Qxd3 22. cxd3 Kd7 23. Rfd1 Rgd8 24. Nd2 Ke8 25. Nf1 d5 26. Ng3 g6 27. f6 Bc5+
28. Kh2 Be3 29. Rb1 dxe4 30. Ngxe4 Bxe4 31. dxe4 Bd4 32. Rbc1 Bxc3 33. Rxd8+
Kxd8 34. bxc3 Rc4 35. Rd1+ Kc7 36. Rd5 Rxe4 37. Rc5+ Kd6 38. Rc8 Rxh4+ 39. Kg2
Rg4+ 40. Kh3 Rxg5 41. Ra8 Rf5 42. Rxa6+ Kc5 43. a4 bxa4 44. Rxa4 Rf3+ 45. Kg2
Rxc3 46. Ra7 Kd6 47. Rxf7 Ke6 48. Rf8 Rc7 49. Kg3 Rf7 50. Ra8 Kxf6 51. Ra6+ Kg5
52. Ra5 Re7 53. Rb5 Kf5 54. Kh4 Rd7 55. Kg3 g5 56. Kf3 g4+ 57. Kg3 Rd3+ 58. Kg2
h4 59. Rb8 Rd2+ 60. Kg1 Kf4 61. Rb4+ e4 62. Rb8 e3 63. Kf1 h3 64. Re8 h2 65.
Rh8 Rd1+ 66. Kg2 h1=Q+ 67. Rxh1 Rxh1 68. Kxh1 e2 69. Kg2 e1=Q 70. Kh2 g3+ 71.
Kh3 Qh1# 0-1

[Event "DEM U12/U12w 2013"]
[Site "Oberhof GER"]
[Date "2013.05.20"]
[Round "4"]
[White "Schirra, Maurice"]
[Black "Wendler, David"]
[Result "1-0"]
[Termination "normal"]
[Board "16"]
[WhiteElo "1656"]
[BlackElo "1548"]
[PlyCount "145"]
[WhiteFideId "12941115"]
[BlackFideId "12938360"]
[EventCountry "GER"]
[EventRounds "11"]
[EventType "swiss"]
[EventDate "2013.05.18"]

1. e4 c5 2. Nc3 Nc6 3. Bb5 Nd4 4. Bc4 g6 5. Nge2 Bg7 6. Nxd4 cxd4 7. Qf3 Nh6 8.
Ne2 O-O 9. d3 Ng4 10. Qxg4 d5 11. Qf3 dxc4 12. dxc4 Qb6 13. Qd3 Be6 14. O-O f5
15. f3 Kh8 16. b3 Bg8 17. Bb2 Rad8 18. Rfd1 e5 19. Kh1 f4 20. Qd2 Rd7 21. Nc1
Bxc4 22. Ba3 Ba6 23. Bxf8 Bxf8 24. Nd3 Re7 25. Rac1 Re8 26. c3 Bxd3 27. Qxd3
Bc5 28. b4 Bd6 29. cxd4 Qxb4 30. dxe5 Bxe5 31. Qc4 Qe7 32. Qc5 Qe6 33. Qxa7 b6
34. Qd7 Qg8 35. Rc2 Bf6 36. Rdc1 Rd8 37. Qb5 Bd4 38. Qc4 Qf8 39. Qe6 Be3 40.
Re1 Re8 41. Qc4 Rd8 42. Qc7 Qe8 43. Qb7 Qf8 44. Rc7 Qg8 45. Rd7 Rxd7 46. Qxd7
Qxa2 47. Qd8+ Qg8 48. Qxg8+ Kxg8 49. Rd1 Kg7 50. g3 fxg3 51. hxg3 Kf6 52. Kg2
Bc5 53. f4 h6 54. Kf3 h5 55. Rd5 Bb4 56. g4 hxg4+ 57. Kxg4 Bc5 58. e5+ Ke6 59.
Rd3 Be7 60. Rb3 Bd8 61. Rc3 Kd7 62. Rd3+ Kc7 63. Rd6 b5 64. Rxg6 b4 65. Rd6 Be7
66. Rd3 b3 67. Rxb3 Kd7 68. Kf5 Bh4 69. Rb7+ Ke8 70. Ke6 Kf8 71. f5 Bg5 72. f6
Bc1 73. Rb8# 1-0

[Event "DEM U12/U12w 2013"]
[Site "Oberhof GER"]
[Date "2013.05.20"]
[Round "4"]
[White "Weller, Uli"]
[Black "Engel, Johann"]
[Result "1/2-1/2"]
[Termination "normal"]
[Board "17"]
[WhiteElo "1501"]
[BlackElo "1650"]
[PlyCount "120"]
[WhiteFideId "12971782"]
[BlackFideId "12920509"]
[EventCountry "GER"]
[EventRounds "11"]
[EventType "swiss"]
[EventDate "2013.05.18"]

1. e4 c6 2. d4 d5 3. Nc3 dxe4 4. Nxe4 Nf6 5. Nxf6+ exf6 6. Bc4 Bd6 7. Nf3 O-O
8. O-O Be6 9. Bxe6 fxe6 10. c3 Nd7 11. Qb3 Nb6 12. Qxe6+ Kh8 13. Re1 Re8 14.
Qxe8+ Qxe8 15. Rxe8+ Rxe8 16. b3 Kg8 17. Bd2 Kf7 18. c4 Bc7 19. Kf1 g5 20. h3
h6 21. Re1 Rd8 22. Bb4 Rd7 23. Ke2 f5 24. Kd3 Kg7 25. Re7+ Rxe7 26. Bxe7 Nc8
27. Bc5 a6 28. d5 cxd5 29. cxd5 Nd6 30. Nd4 Kf6 31. Ne6 Bb8 32. Kd4 Nb5+ 33.
Kc4 Nd6+ 34. Bxd6 Bxd6 35. Nc5 b5+ 36. Kd4 Be5+ 37. Kd3 Bd6 38. Nxa6 Ke5 39.
Kc3 Kxd5 40. Nb4+ Kc5 41. Nc2 Kd5 42. f3 h5 43. a4 bxa4 44. bxa4 Ke5 45. Ne3
Kf4 46. Kd3 Bc5 47. Nf1 g4 48. fxg4 fxg4 49. hxg4 Kxg4 50. Nd2 Ba7 51. Ne4 h4
52. Ke2 Kf4 53. Nc3 Kg3 54. Kf1 Bb6 55. Nd5 Ba5 56. Ne3 Bb6 57. Nc4 Bc7 58. a5
Bxa5 59. Nxa5 h3 60. Kg1 hxg2 1/2-1/2

[Event "DEM U12/U12w 2013"]
[Site "Oberhof GER"]
[Date "2013.05.20"]
[Round "4"]
[White "Hoffmann, Fabian"]
[Black "Weber, Samuel"]
[Result "1-0"]
[Termination "normal"]
[Board "18"]
[WhiteElo "1650"]
[BlackElo "1703"]
[PlyCount "51"]
[WhiteFideId "12964891"]
[BlackFideId "12924008"]
[EventCountry "GER"]
[EventRounds "11"]
[EventType "swiss"]
[EventDate "2013.05.18"]

1. e4 d5 2. exd5 Qxd5 3. Nc3 Qa5 4. d4 Nf6 5. Bd2 c6 6. Nf3 Bf5 7. g3 Nbd7 8.
Bg2 e6 9. O-O Be7 10. Re1 h6 11. Ne5 Qc7 12. Nc4 Nd5 13. Nxd5 cxd5 14. Ne3 Be4
15. Bxe4 dxe4 16. c4 f5 17. Qh5+ Kf8 18. d5 Ne5 19. Red1 Nf3+ 20. Kh1 Bg5 21.
dxe6 Kg8 22. Nd5 Qxc4 23. Qf7+ Kh7 24. Qxf5+ Kg8 25. Bxg5 hxg5 26. Ne7# 1-0

[Event "DEM U12/U12w 2013"]
[Site "Oberhof GER"]
[Date "2013.05.20"]
[Round "4"]
[White "Wübker, Paul-Luca"]
[Black "Ott, Josef Sebastian"]
[Result "0-1"]
[Termination "normal"]
[Board "19"]
[WhiteElo "1479"]
[BlackElo "1600"]
[PlyCount "83"]
[WhiteFideId "12939528"]
[BlackFideId "12952079"]
[EventCountry "GER"]
[EventRounds "11"]
[EventType "swiss"]
[EventDate "2013.05.18"]

1. d4 d5 2. c4 e6 3. Nc3 Be7 4. Nf3 Nf6 5. Bf4 O-O 6. e3 b6 7. cxd5 Nxd5 8.
Nxd5 exd5 9. Rc1 Bd6 10. Bxd6 Qxd6 11. Be2 Bf5 12. O-O Nd7 13. Bb5 Nf6 14. Rc6
Qb4 15. Qb3 Qxb3 16. axb3 Bd7 17. Rxf6 Bxb5 18. Rf5 Bxf1 19. Kxf1 Rfd8 20. Ne5
f6 21. Nc6 Rd7 22. Rxd5 Rxd5 23. Ne7+ Kf7 24. Nxd5 c5 25. dxc5 bxc5 26. b4 cxb4
27. Nxb4 a5 28. Nd3 Rc8 29. Ke1 Ke6 30. b3 Kd5 31. Kd2 Kc6 32. Nf4 Kb5 33. Ne2
Kb4 34. Nd4 g6 35. h4 Rc3 36. g3 Rxb3 37. Nxb3 Kxb3 38. Kc1 Kc3 39. f4 Kd3 40.
g4 Kxe3 41. f5 gxf5 42. gxf5 0-1

[Event "DEM U12/U12w 2013"]
[Site "Oberhof GER"]
[Date "2013.05.20"]
[Round "4"]
[White "Perekhozhuk, Maksym"]
[Black "Lellek, Lewin Louis"]
[Result "1-0"]
[Termination "normal"]
[Board "20"]
[WhiteElo "1749"]
[BlackElo "1276"]
[PlyCount "101"]
[WhiteFideId "12914860"]
[BlackFideId "12971820"]
[EventCountry "GER"]
[EventRounds "11"]
[EventType "swiss"]
[EventDate "2013.05.18"]

1. e4 e5 2. Nf3 Nc6 3. Bc4 Bc5 4. c3 Nf6 5. d3 d6 6. O-O Bg4 7. h3 Bh5 8. Nbd2
Qd7 9. Re1 Bb6 10. Nf1 Rg8 11. Ng3 g6 12. b4 a6 13. Be3 Bxe3 14. Rxe3 g5 15.
Nxh5 Nxh5 16. Nxe5 Nxe5 17. Qxh5 O-O-O 18. Qxh7 g4 19. hxg4 Rxg4 20. g3 Rdg8
21. Bb3 Kb8 22. d4 R4g7 23. Qf5 Qxf5 24. exf5 Ng4 25. Re7 Rf8 26. Rae1 Nf6 27.
Kg2 Kc8 28. f3 Kd8 29. g4 Nh5 30. R7e3 Nf4+ 31. Kf1 Nh3 32. Re7 Rh7 33. Kg2
Nf4+ 34. Kg3 Nd3 35. R1e3 b6 36. f6 Nb2 37. g5 Rh5 38. Kg4 Rh7 39. g6 Rh1 40.
g7 Rg1+ 41. Kf5 Rg8 42. Bxf7 Nd1 43. Re8+ Rxe8 44. Rxe8+ Kd7 45. g8=Q Rxg8 46.
Rxg8 Nxc3 47. Bb3 c5 48. f7 Ne2 49. f8=Q Nxd4+ 50. Kf6 Nxb3 51. Qc8# 1-0

[Event "DEM U12/U12w 2013"]
[Site "Oberhof GER"]
[Date "2013.05.20"]
[Round "4"]
[White "Schulze, Lara"]
[Black "Zienert, Richard"]
[Result "0-1"]
[Termination "normal"]
[Board "21"]
[WhiteElo "1839"]
[BlackElo "1846"]
[PlyCount "116"]
[WhiteFideId "12956830"]
[BlackFideId "12945986"]
[EventCountry "GER"]
[EventRounds "11"]
[EventType "swiss"]
[EventDate "2013.05.18"]

1. d4 Nf6 2. c4 g6 3. Nc3 Bg7 4. e4 d6 5. Nf3 O-O 6. h3 e5 7. d5 a5 8. Be3 Na6
9. Be2 Nd7 10. g4 Ndc5 11. Nd2 b6 12. h4 Qe7 13. h5 Bd7 14. hxg6 fxg6 15. Nb3
a4 16. Nxc5 Nxc5 17. Qd2 Qf6 18. O-O-O Na6 19. Rh2 Rf7 20. Rdh1 Bf8 21. Bg5 Qh8
22. Qe3 a3 23. b3 Nb4 24. Rh3 Rb8 25. Qg3 Na6 26. Nd1 b5 27. Ne3 Nc5 28. Qg2
Be8 29. f3 Bd7 30. Qh2 Be7 31. Bh6 bxc4 32. Bxc4 Bc8 33. Nc2 Ba6 34. Bxa6 Nxa6
35. Nxa3 Nb4 36. Nb1 Rb5 37. Be3 Nd3+ 38. Kd1 Nf4 39. Bxf4 exf4 40. Qc2 Rc5 41.
Qd2 Bf6 42. R3h2 Bd4 43. Qb4 Be3 44. Nd2 Qa1+ 45. Ke2 Qxa2 46. Kd3 Qc2+ 47. Ke2
Bxd2 48. Qxd2 Qxb3 49. Rc1 Qb5+ 50. Ke1 Rxc1+ 51. Qxc1 Qd3 52. Qd1 Qe3+ 53. Qe2
Qg1+ 54. Kd2 Rf8 55. Rg2 Qh1 56. Rh2 Qa1 57. Qd1 Qd4+ 58. Ke1 Qg1+ 0-1